| 000 | 01002nas a2200253 4500 | ||
|---|---|---|---|
| 001 | BR8704989 | ||
| 003 | BR-BrBNA | ||
| 005 | 20231205090737.0 | ||
| 007 | ta | ||
| 008 | 230509b bl.|||p| |||| 00| 00por d | ||
| 040 |
_aBR-BrBNA _bpor _cBiblioteca Nacional de Agricultura |
||
| 041 | _a(Pt) | ||
| 072 | _aH10 | ||
| 100 | 1 | _aKalvelage, H. | |
| 100 | 1 | _aBuzzi, Z.J. | |
| 245 | 1 |
_aCiclo de vida da cigarrinha das pastagens, Deois (Pandysia)schach (Fabricius, 1787)(Homoptera, Cercopidae)a duas temperaturas [capim quicuio, Pennisetum clandestinum] _bParte de tese |
|
| 246 | 1 |
_aLife cycle of the spittlebug, Deois (Pandysia)schach (Fabricius, 1787)(Homoptera, Cercopidae)at two temperatures _bPart of thesis |
|
| 650 | _aCAPIM QUICUIO | ||
| 650 | _aCIGARRINHA DAS PASTAGENS | ||
| 650 | _aCICLO DE VIDA | ||
| 773 | 0 |
_tAnais da Sociedade Entomologica do Brasil (Brazil) _xISSN 0301-8059 _g(1986), v. 15(1) p. 113-136 _wBR8704989 |
|
| 909 |
_a202311 _bLúcia _c55 _dLúcia Elande |
||
| 942 |
_2AGRIS _n0 _cANA |
||
| 999 |
_c120584 _d120584 |
||